000 00608cam a22002053a 4500
001 46082
003 PGUSA
005 20140828084059.0
008 140623s2014||||xxu|||||s|||||000 | eng d
040 _aPGUSA
_beng
042 _adc
100 1 _aPascoli, Giovanni
245 1 0 _aLa mirabile visione :
_bAbbozzo d'una storia della Divina Comedia
_h[electronic resource] /
_cGiovanni Pascoli
260 _bProject Gutenberg,
_c2014
506 _aPublic domain in the USA.
516 _aElectronic text
830 0 _aProject Gutenberg
_v46082
856 4 0 _uhttp://www.gutenberg.org/ebooks/46082
942 _cEB
999 _c275331
_d275331